| 000 | 01539cam a2200409Ka 4500 | ||
|---|---|---|---|
| 001 | ocn811563626 | ||
| 003 | OCoLC | ||
| 005 | 20211201142118.0 | ||
| 006 | m o d | ||
| 007 | cr cnu---unuuu | ||
| 008 | 121001s2013 enkb ob 001 0 eng d | ||
| 010 | _z2011046040 | ||
| 020 | _a9781118234334 | ||
| 020 | _a1118234332 | ||
| 020 | _a9781118234341 | ||
| 020 | _a1118234340 | ||
| 020 | _a9780470672853 | ||
| 020 | _a0470672854 | ||
| 020 | _a9780470672860 | ||
| 020 | _z0470672862 | ||
| 035 | _a(OCoLC)811563626 | ||
| 100 | 1 |
_aMcGrath, Alister E., _d1953- _92507 |
|
| 245 | 1 | 0 |
_aHistorical theology _h[electronic resource] : _ban introduction to the history of Christian thought / _cAlister E. McGrath. |
| 246 | 3 | 0 | _aIntroduction to the history of Christian thought |
| 250 | _a2nd ed. | ||
| 260 |
_aChichester, West Sussex ; _aMalden, MA : _bWiley-Blackwell, _cc2013. |
||
| 300 |
_a1 online resource (xiv, 305 pages) : _bmap |
||
| 336 |
_atext _btxt _2rdacontent |
||
| 337 |
_acomputer _bc _2rdamedia |
||
| 338 |
_aonline resource _bcr _2rdacarrier |
||
| 504 | _aIncludes bibliographical references and index. | ||
| 505 | 0 | _aIntroduction -- The patristic period, c.100-451 -- The Middle Ages and the Renaissance, c.500-1500 -- The Reformation and post-Reformation periods, 1500-1750 -- The modern period, 1750-the present day. | |
| 650 | 0 |
_aTheology _xHistory. |
|
| 655 | 4 | _aElectronic books | |
| 856 | _uhttps://drive.google.com/file/d/11aaaD3TksGzDx0HIp7D3n_J8pLi2Q9eq/view?usp=sharing | ||
| 942 |
_2lcc _cEBK |
||
| 999 |
_c50634 _d50634 |
||